| Tag |
First Indicator |
Second Indicator |
Subfields |
| LEADER |
00000cam a2200000 a 4500 |
| 001 |
in00002572921 |
| 005 |
20151201150022.0 |
| 008 |
090908s2010 enka b 001 0 eng |
| 015 |
|
|
|a GBA994064
|2 bnb
|
| 016 |
7 |
|
|a 015380154
|2 Uk
|
| 020 |
|
|
|a 9780199204809 (hbk.)
|
| 020 |
|
|
|a 0199204802 (hbk.)
|
| 035 |
|
|
|a (OCoLC)ocn430842386
|
| 035 |
|
|
|a (OCoLC)430842386
|
| 040 |
|
|
|a UKM
|c UKM
|d BTCTA
|d YDXCP
|d BWKUK
|d BWK
|d BWX
|d UtOrBLW
|
| 042 |
|
|
|a ukblcatcopy
|
| 049 |
|
|
|a TXAM
|
| 050 |
|
4 |
|a HC260.P6
|b C73 2010
|
| 082 |
0 |
4 |
|a 305.5690850942
|2 22
|
| 100 |
1 |
|
|a Crawford, Patricia
|q (Patricia M.)
|
| 245 |
1 |
0 |
|a Parents of poor children in England 1580-1800 /
|c Patricia Crawford.
|
| 264 |
|
1 |
|a Oxford :
|b Oxford University Press,
|c 2010.
|
| 300 |
|
|
|a xi, 361 pages :
|b illustrations ;
|c 24 cm.
|
| 336 |
|
|
|a text
|b txt
|2 rdacontent
|
| 337 |
|
|
|a unmediated
|b n
|2 rdamedia
|
| 338 |
|
|
|a volume
|b nc
|2 rdacarrier
|
| 504 |
|
|
|a Includes bibliographical references and index.
|
| 650 |
|
0 |
|a Low-income parents
|z England
|x Social conditions
|y 17th century.
|
| 650 |
|
0 |
|a Low-income parents
|z England
|x Social conditions
|y 18th century.
|
| 650 |
|
0 |
|a Poor families
|z England
|x History
|y 17th century.
|
| 650 |
|
0 |
|a Poor families
|z England
|x History
|y 18th century.
|
| 650 |
|
0 |
|a Public welfare
|z England
|x History
|y 17th century.
|
| 650 |
|
0 |
|a Public welfare
|z England
|x History
|y 18th century.
|
| 938 |
|
|
|a Baker and Taylor
|b BTCP
|n BK0008531044
|
| 938 |
|
|
|a YBP Library Services
|b YANK
|n 3140770
|
| 938 |
|
|
|a Blackwell Book Service UK
|b BBUK
|n L0841153
|c 35.00
|
| 938 |
|
|
|a Blackwell Book Service
|b BBUS
|n R4840520
|c $32.00
|
| 945 |
|
|
|a PromptCat
|b 963252
|
| 946 |
|
|
|a stk
|
| 947 |
|
|
|a A14840288035
|
| 994 |
|
|
|a 92
|b TXA
|
| 948 |
|
|
|a Cataloged
|b h
|c 2010/4/28
|d c
|e ibarton
|
| 999 |
|
|
|a MARS
|
| 999 |
f |
f |
|s a487d75a-041c-3795-9e90-3ee1009bea72
|i a333996c-d4bb-3bc3-b880-c09e6c7c2769
|t 0
|
| 952 |
f |
f |
|p ric
|a Texas A&M University
|b Rellis Campus
|c Joint Library Facility
|d Remote Storage
|t 0
|e HC260.P6 C73 2010
|h Library of Congress classification
|i unmediated -- volume
|m A14840288035
|
| 998 |
f |
f |
|a HC260.P6 C73 2010
|t 0
|l Remote Storage
|